| 000 | 02301nam a2200457 a 4500 | ||
|---|---|---|---|
| 001 | UByD002668 | ||
| 003 | AR-LpoUNG | ||
| 005 | 20240425154949.0 | ||
| 008 | 240425s2020||||bl |||||||||||||||||por d | ||
| 020 | _a9788582738801 | ||
| 040 |
_aAR-LpoUNG _bspa _cAR-LpoUNG _eaacr |
||
| 041 | _apor | ||
| 044 | _abl | ||
| 082 | 0 | _a981.063 719vis | |
| 100 | 1 | _aSouza Mendes, Ricardo Antonio | |
| 245 | 1 | 0 | _aVisões das direitas no Brasil (1961-1965) |
| 250 | _a1ra. ed. | ||
| 260 |
_aRio de Janeiro : _bMultifoco, _c2020. |
||
| 300 |
_a349 p. : _bfot. |
||
| 520 | _aLa obra identifica los diferentes proyectos sociales de los principales grupos de derecha que participaron en el movimiento que depuso a João Goulart. Ante la creciente movilización de una parte de la sociedad exigiendo una división más justa de la riqueza, más derechos sociales, la eliminación de obstáculos a una mayor participación política y una autonomía significativa para el país en el escenario de la Guerra Fría, hubo una intensa profusión de propuestas de corte reaccionario y golpista, marcadas por el conservadurismo, el autoritarismo y defensoras del statu quo. El análisis se centra en el período comprendido entre 1961 y 1965, y se focaliza en tres de los centros articuladores del movimiento cívico-militar de marzo de 1964: empresarios vinculados al Instituto de Investigaciones y Estudios Sociales (IPÊS) y al Instituto Brasileño de Acción Democrática (IBAD). ); personal militar influenciado por la Doctrina de Seguridad Nacional; y, de extrema derecha, abordando el posicionamiento de estos grupos en relación con algunas de las principales ideas que contribuyeron a la polarización del debate político en ese momento. | ||
| 650 | 4 | _aANALISIS HISTORICO | |
| 650 | 4 | _aBRASIL | |
| 650 | 4 | _aCOMUNISMO | |
| 650 | 4 | _aDEMOCRACIA | |
| 650 | 4 | _aDICTADURA | |
| 650 | 4 | _aESTADO | |
| 650 | 4 | _aGOBIERNO | |
| 650 | 4 | _aGOBIERNO MILITAR | |
| 650 | 4 | _aGUERRILLEROS | |
| 650 | 4 | _aHISTORIA POLITICA | |
| 650 | 4 | _aIDEOLOGIAS POLITICAS | |
| 650 | 4 | _aMILITARISMO | |
| 650 | 4 | _aPARTIDOS POLITICOS | |
| 650 | 4 | _aREVOLUCION | |
| 650 | 4 | _aCONSERVATISMO | |
| 650 | 4 | _aTOTALITARISMO | |
| 653 | 0 | _aGOLPE DE ESTADO | |
| 653 | 0 | _aLUCHA ARMADA | |
| 905 | _a45681 | ||
| 942 |
_cLIB _2ddc |
||
| 999 |
_c65193 _d65193 |
||